000 00721cam a22002533a 4500
001 934
003 PGUSA
005 20140828082954.0
008 970601s1997||||xxu|||||s|||||000 p eng d
040 _aPGUSA
_beng
042 _adc
050 4 _aPR
100 1 _aGilbert, W. S.
_q(William Schwenck),
_d1836-1911
245 1 0 _aSongs of a Savoyard
_h[electronic resource] /
_cW. S. Gilbert
260 _bProject Gutenberg,
_c1997
506 _aPublic domain in the USA.
516 _aElectronic text
653 _aHumorous poetry, English
653 _aEnglish wit and humor
653 _aSongs, English -- Texts
830 0 _aProject Gutenberg
_v934
856 4 0 _uhttp://www.gutenberg.org/ebooks/934
942 _cEB
999 _c230285
_d230285